[Event "Verbandsliga MV 2014-15"]
[Site "Mecklenburg-Vorpommern"]
[Date "2014.12.07"]
[Round "4.1"]
[White "Stutz, Reno"]
[Black "Ispirjan, Mikael"]
[Result "0-1"]
[WhiteElo "1947"]
[BlackElo "1980"]
[PlyCount "102"]
[EventType "team-tourn"]
[EventRounds "9"]
[WhiteTeam "ASV Gruen-Weiss Wismar"]
[BlackTeam "SAV Torgelow-Droegeheide 90"]

1. e4 c6 2. f4 d5 3. Nf3 Bg4 4. exd5 cxd5 5. d4 e6 6. c3 Nc6 7. Bd3 Bd6 8. O-O
Nge7 9. Qc2 g6 10. Ne5 Bf5 11. Be3 h5 12. Nd2 Rc8 13. Ndf3 Bxd3 14. Qxd3 Nf5
15. Rae1 Be7 16. Bd2 Bf6 17. Re2 O-O 18. Be1 Nce7 19. g3 Nd6 20. Nd2 b5 21. h3
b4 22. g4 bxc3 23. bxc3 hxg4 24. hxg4 Kg7 25. Rh2 Rh8 26. Rff2 Qc7 27. Rxh8
Rxh8 28. Rh2 Rxh2 29. Kxh2 Qc8 30. Kg2 Nc6 31. Qh3 Na5 32. Ndf3 Qh8 33. Nd7
Qxh3+ 34. Kxh3 Ne4 35. g5 Be7 36. Nfe5 Ba3 37. Nd3 Nc4 38. N7c5 Ned6 39. Kg4
Kf8 40. Kf3 Ke7 41. Ne5 Nxe5+ 42. fxe5 Bxc5 43. dxc5 Ne4 44. c6 Kd8 45. c4 Kc7
46. cxd5 exd5 47. Kf4 Kxc6 48. Bb4 Nc5 49. Ke3 Kb5 50. Be1 Kc4 51. Ba5 Ne6 0-1

[Event "Verbandsliga MV 2014-15"]
[Site "Mecklenburg-Vorpommern"]
[Date "2014.12.07"]
[Round "4.2"]
[White "Schmekel, Florian"]
[Black "Kliewe, Hans Juergen"]
[Result "1-0"]
[WhiteElo "1795"]
[BlackElo "1972"]
[PlyCount "113"]
[EventType "team-tourn"]
[EventRounds "9"]
[WhiteTeam "SAV Torgelow-Droegeheide 90"]
[BlackTeam "ASV Gruen-Weiss Wismar"]

1. d4 d5 2. c4 c6 3. Nf3 Nf6 4. Nc3 e6 5. cxd5 exd5 6. Bg5 Be7 7. Qc2 O-O 8. e3
Re8 9. Nd2 Nbd7 10. Bd3 Nf8 11. O-O Nh5 12. Bxe7 Qxe7 13. Rab1 Qg5 14. Nf3 Qh6
15. b4 a6 16. a4 g5 17. Ne2 Bg4 18. Ne5 Be6 19. Ng3 Nxg3 20. hxg3 f6 21. Nf3
Rac8 22. Rfc1 Qg7 23. Bf5 Qd7 24. Bxe6+ Qxe6 25. Qb3 Nd7 26. b5 axb5 27. axb5
c5 28. dxc5 Nxc5 29. Qa3 b6 30. Nd4 Qd7 31. Ra1 Rc7 32. Rc3 Rec8 33. Nc6 Qf5
34. Rxc5 bxc5 35. Qxc5 Qd7 36. Rd1 Rd8 37. Qd4 Rf8 38. Qxd5+ Qxd5 39. Rxd5 Kf7
40. Rd6 Ke8 41. Rd8+ Kf7 42. Rd6 Ke8 43. Nd4 Rc1+ 44. Kh2 Rb1 45. g4 Kf7 46.
Rd7+ Kg8 47. Kg3 Re8 48. Nf5 Rb8 49. Nd4 Re8 50. Rc7 Rb8 51. Re7 Rb6 52. Re8+
Kf7 53. Rc8 Kg6 54. Rc7 h5 55. Nf5 hxg4 56. Kxg4 Rb4+ 57. f4 1-0

[Event "Verbandsliga MV 2014-15"]
[Site "Mecklenburg-Vorpommern"]
[Date "2014.12.07"]
[Round "4.3"]
[White "Littke, Helmut"]
[Black "Zentgraf, Robert"]
[Result "0-1"]
[WhiteElo "1992"]
[BlackElo "2115"]
[PlyCount "84"]
[EventType "team-tourn"]
[EventRounds "9"]
[WhiteTeam "ASV Gruen-Weiss Wismar"]
[BlackTeam "SAV Torgelow-Droegeheide 90"]

1. Nf3 Nf6 2. d4 c5 3. c3 g6 4. Nbd2 d5 5. e3 Bg7 6. Bd3 O-O 7. O-O Nbd7 8. e4
dxe4 9. Nxe4 cxd4 10. cxd4 Nxe4 11. Bxe4 Nf6 12. Bc2 Be6 13. Bf4 Qb6 14. Be5
Rfd8 15. b3 Rac8 16. Qe2 Bd5 17. Bd3 Qc6 18. Nd2 a6 19. f3 Qb6 20. Rac1 Ne8 21.
Rxc8 Rxc8 22. Bc4 Qe6 23. Bxg7 Qxe2 24. Bxe2 Nxg7 25. Bc4 Rd8 26. Rd1 Ne6 27.
Bxd5 Rxd5 28. Ne4 Kf8 29. Kf2 Nxd4 30. Nc3 Rd8 31. Ne4 b6 32. Rc1 f5 33. Nd2 b5
34. Ke3 Ne6 35. a4 Kf7 36. axb5 axb5 37. g3 g5 38. h4 h6 39. hxg5 hxg5 40. Nb1
f4+ 41. gxf4 gxf4+ 42. Ke4 Kf6 0-1

[Event "Verbandsliga MV 2014-15"]
[Site "Mecklenburg-Vorpommern"]
[Date "2014.12.07"]
[Round "4.5"]
[White "Borchert, Ulf"]
[Black "Ehlers, Michael"]
[Result "1/2-1/2"]
[WhiteElo "1851"]
[BlackElo "1878"]
[PlyCount "139"]
[EventType "team-tourn"]
[EventRounds "9"]
[WhiteTeam "ASV Gruen-Weiss Wismar"]
[BlackTeam "SAV Torgelow-Droegeheide 90"]

1. e4 c5 2. Nc3 e6 3. Bc4 a6 4. Nf3 b5 5. Be2 Bb7 6. d3 Nf6 7. O-O Be7 8. Ne5
d6 9. Ng4 Nbd7 10. f4 Qc7 11. Bf3 b4 12. Ne2 e5 13. c4 bxc3 14. bxc3 O-O 15. c4
Bc6 16. Bd2 Rab8 17. Nc3 Rfc8 18. Qc2 Rb7 19. Rab1 Rcb8 20. Nd5 Qd8 21. fxe5
dxe5 22. Rxb7 Rxb7 23. Rb1 Bd6 24. Bg5 Bxd5 25. exd5 Qb8 26. Rxb7 Qxb7 27. Bd2
Ne8 28. Qb3 Qxb3 29. axb3 f5 30. Ne3 g6 31. g4 f4 32. Nd1 h6 33. Nc3 Nef6 34.
Na4 Kf7 35. Ba5 Nh7 36. h4 Nhf8 37. Kg2 Be7 38. Be1 Bd6 39. Bf2 Ke7 40. g5 hxg5
41. hxg5 Nh7 42. Bh4 Kf7 43. Nc3 Nb6 44. Ne4 Bf8 45. Bg4 Ke8 46. Be6 Be7 47. d6
Bd8 48. Bg8 Nf8 49. Nxc5 a5 50. Kf3 Nc8 51. Ne4 Kd7 52. c5 Na7 53. Be1 Ne6 54.
Bxe6+ Kxe6 55. d4 Nc6 56. dxe5 Kxe5 57. Bc3+ Kf5 58. Bg7 Bxg5 59. Nxg5 Kxg5 60.
d7 Kf5 61. Bc3 g5 62. Bxa5 Ne5+ 63. Kf2 Nxd7 64. c6 Nc5 65. c7 Ne4+ 66. Kf1 Nd6
67. b4 Ke6 68. b5 Kd7 69. b6 Kc8 70. Bb4 1/2-1/2

[Event "Verbandsliga MV 2014-15"]
[Site "Mecklenburg-Vorpommern"]
[Date "2014.12.07"]
[Round "4.6"]
[White "Bauer, Norbert"]
[Black "Roeder, Phillip"]
[Result "1-0"]
[WhiteElo "1957"]
[BlackElo "1860"]
[PlyCount "65"]
[EventType "team-tourn"]
[EventRounds "9"]
[WhiteTeam "SAV Torgelow-Droegeheide 90"]
[BlackTeam "ASV Gruen-Weiss Wismar"]

1. d4 d5 2. c4 c6 3. Nf3 Nf6 4. Nc3 dxc4 5. a4 Bf5 6. Ne5 Na6 7. f3 Nb4 8. e4
Be6 9. Be3 a5 10. Nxc4 Bxc4 11. Bxc4 e6 12. O-O Be7 13. Qe2 O-O 14. Rfd1 Qc7
15. Rac1 Nd7 16. Qf2 Rac8 17. f4 Nf6 18. Qf3 Qb6 19. Kh1 Na6 20. b3 Ba3 21. Rc2
Qc7 22. g4 Bb4 23. g5 Ne8 24. Bd3 Qe7 25. f5 exf5 26. exf5 Bxc3 27. Rxc3 Nd6
28. Bf4 Nb4 29. f6 Qe6 30. Bxh7+ Kxh7 31. Qh5+ Kg8 32. Rh3 Qe4+ 33. Kg1 1-0

[Event "Verbandsliga MV 2014-15"]
[Site "Mecklenburg-Vorpommern"]
[Date "2014.12.07"]
[Round "4.7"]
[White "Pentzien, Volker"]
[Black "Massloch, Philipp"]
[Result "1-0"]
[WhiteElo "1830"]
[BlackElo "1639"]
[PlyCount "63"]
[EventType "team-tourn"]
[EventRounds "9"]
[WhiteTeam "ASV Gruen-Weiss Wismar"]
[BlackTeam "SAV Torgelow-Droegeheide 90"]

1. e4 c5 2. Nf3 Nc6 3. d4 cxd4 4. Nxd4 Nf6 5. Nc3 e5 6. Ndb5 d6 7. Bg5 a6 8.
Na3 b5 9. Bxf6 gxf6 10. Nd5 Bg7 11. c3 O-O 12. Bd3 Be6 13. Qh5 Rb8 14. Nc2 a5
15. a3 Ne7 16. Nce3 Qd7 17. Nxe7+ Qxe7 18. O-O Qd7 19. f4 Qa7 20. Rf3 Kh8 21.
f5 Bc4 22. Rh3 h6 23. Bxc4 bxc4 24. Kh1 Rxb2 25. Ng4 Rfb8 26. Rd1 Rb1 27. Nxh6
Rxd1+ 28. Qxd1 Bxh6 29. Rxh6+ Kg7 30. Rh3 Qb7 31. Rg3+ Kf8 32. Qxd6+ 1-0

[Event "Verbandsliga MV 2014-15"]
[Site "Mecklenburg-Vorpommern"]
[Date "2014.12.07"]
[Round "4.8"]
[White "Schmekel, Felix"]
[Black "Podolskiy, Alexander"]
[Result "0-1"]
[WhiteElo "1564"]
[BlackElo "1828"]
[PlyCount "60"]
[EventType "team-tourn"]
[EventRounds "9"]
[WhiteTeam "SAV Torgelow-Droegeheide 90"]
[BlackTeam "ASV Gruen-Weiss Wismar"]

1. d4 d5 2. c4 Nf6 3. cxd5 Nxd5 4. e4 Nb6 5. Nf3 Bg4 6. Be2 e6 7. O-O Be7 8.
Bf4 Nc6 9. Bb5 O-O 10. Bxc6 bxc6 11. Nc3 g5 12. Be3 Rb8 13. Rc1 f5 14. Ne2 Bxf3
15. gxf3 Qe8 16. Rc2 Nd7 17. b3 Nf6 18. Nc3 Qg6 19. e5 Nh5 20. Kh1 Kh8 21. Rg1
Rg8 22. f4 Qh6 23. fxg5 Bxg5 24. Bxg5 Rxg5 25. f3 Ng3+ 26. Kg2 Ne2+ 27. Kf2
Nxg1 28. Na4 Nh3+ 29. Ke2 Nf4+ 30. Ke3 Nd5+ 0-1

[Event "Verbandsliga MV 2014-15"]
[Site "Mecklenburg-Vorpommern"]
[Date "2014.12.07"]
[Round "4.1"]
[White "Schinke, Andreas"]
[Black "Skibbe, Willi"]
[Result "0-1"]
[WhiteElo "2042"]
[BlackElo "2220"]
[PlyCount "70"]
[EventType "team-tourn"]
[EventRounds "9"]
[WhiteTeam "SV Blau-Weiss Grevesmuehlen"]
[BlackTeam "SSC Rostock 07  II"]

1. e4 c5 2. Nc3 a6 3. f4 b5 4. Nf3 Bb7 5. d3 e6 6. Be2 d5 7. e5 Nh6 8. O-O Nc6
9. Qe1 Nf5 10. g4 Nfd4 11. Bd1 h5 12. h3 hxg4 13. hxg4 Qc7 14. Qg3 O-O-O 15.
Bd2 f6 16. exf6 gxf6 17. Nxd4 Nxd4 18. Ne2 Nc6 19. a4 b4 20. c3 Bd6 21. cxb4
cxb4 22. d4 Qh7 23. Qg2 Rdg8 24. Rf3 Kb8 25. Rc1 e5 26. Bc2 e4 27. Rg3 Rg6 28.
g5 fxg5 29. Rxg5 Rh6 30. Rg7 Rh1+ 31. Kf2 Qh4+ 32. Ke3 Rh2 33. Qg1 Rh3+ 34. Rg3
Ne7 35. Rxh3 Nf5# 0-1

[Event "Verbandsliga MV 2014-15"]
[Site "Mecklenburg-Vorpommern"]
[Date "2014.12.07"]
[Round "4.2"]
[White "Weber, Max"]
[Black "Boehme, Andy"]
[Result "0-1"]
[WhiteElo "2167"]
[BlackElo "2018"]
[PlyCount "78"]
[EventType "team-tourn"]
[EventRounds "9"]
[WhiteTeam "SSC Rostock 07  II"]
[BlackTeam "SV Blau-Weiss Grevesmuehlen"]

1. d4 g6 2. c4 Bg7 3. Nf3 d6 4. e4 Nd7 5. Be2 e5 6. Nc3 c6 7. O-O Nh6 8. h3 O-O
9. Be3 f6 10. b4 Nf7 11. Qd2 f5 12. exf5 gxf5 13. dxe5 dxe5 14. Qc2 e4 15. Nd4
Nde5 16. f4 Nxc4 17. Bxc4 Bxd4 18. Qd2 Bb6 19. Qf2 Qf6 20. Bxb6 axb6 21. Ne2 b5
22. Bb3 Be6 23. Qd4 Qxd4+ 24. Nxd4 Bxb3 25. axb3 Rxa1 26. Rxa1 Nd6 27. Ra7 Re8
28. Kf2 h5 29. g3 e3+ 30. Ke2 h4 31. gxh4 Re4 32. Kd3 Rxf4 33. Ra8+ Kh7 34.
Kxe3 Re4+ 35. Kd3 Rxh4 36. Rd8 Rxh3+ 37. Kc2 Rh6 38. Rd7+ Kg8 39. Kd3 Kf8 0-1

[Event "Verbandsliga MV 2014-15"]
[Site "Mecklenburg-Vorpommern"]
[Date "2014.12.07"]
[Round "4.3"]
[White "Naujok, Joerg"]
[Black "Engel, Gunnar"]
[Result "1/2-1/2"]
[WhiteElo "1958"]
[BlackElo "2016"]
[PlyCount "74"]
[EventType "team-tourn"]
[EventRounds "9"]
[WhiteTeam "SV Blau-Weiss Grevesmuehlen"]
[BlackTeam "SSC Rostock 07  II"]

1. Nf3 Nf6 2. g3 g6 3. Bg2 Bg7 4. O-O O-O 5. d3 c5 6. e4 d6 7. Nbd2 Nc6 8. c3
e5 9. a4 h6 10. Nc4 Be6 11. Nh4 Re8 12. Ne3 d5 13. f4 exf4 14. gxf4 dxe4 15.
dxe4 Qxd1 16. Nxd1 Bc4 17. Re1 Rad8 18. Nf2 Na5 19. Be3 b6 20. e5 Nd5 21. Ne4
Bd3 22. Rad1 Bxe4 23. Bxe4 Nxe3 24. Rxd8 Rxd8 25. Rxe3 g5 26. fxg5 hxg5 27. Nf5
Bxe5 28. Bd5 Bf6 29. Rd3 Nc6 30. Bc4 Rxd3 31. Bxd3 Ne5 32. Be2 Bd8 33. Kf2 Kh7
34. Ke3 Kg6 35. Ke4 Kf6 36. Ne3 Ke6 37. h3 f6 1/2-1/2

[Event "Verbandsliga MV 2014-15"]
[Site "Mecklenburg-Vorpommern"]
[Date "2014.12.07"]
[Round "4.4"]
[White "Pererva, Viktor"]
[Black "Wecke, Thoralf"]
[Result "0-1"]
[WhiteElo "2013"]
[BlackElo "1909"]
[PlyCount "76"]
[EventType "team-tourn"]
[EventRounds "9"]
[WhiteTeam "SSC Rostock 07  II"]
[BlackTeam "SV Blau-Weiss Grevesmuehlen"]

1. d4 d6 2. e4 Nf6 3. Nc3 c6 4. a4 Qa5 5. Bd2 e5 6. Nd5 Qd8 7. Nxf6+ Qxf6 8.
Be3 Qg6 9. Qd3 Be7 10. dxe5 dxe5 11. Nf3 Nd7 12. g3 O-O 13. h4 Re8 14. h5 Qd6
15. Qxd6 Bxd6 16. O-O-O Bc5 17. Bc4 Bxe3+ 18. fxe3 h6 19. Rd6 Nf6 20. Rhd1 Bg4
21. Rf1 Bxh5 22. Nh4 Rad8 23. Nf5 Rxd6 24. Nxd6 Re7 25. Nf5 Rd7 26. Bd3 g6 27.
Nh4 Kg7 28. b4 Bg4 29. Kb2 Be6 30. Kc3 Ng4 31. Ng2 g5 32. Rb1 h5 33. b5 cxb5
34. Rxb5 Rc7+ 35. Kd2 Bd7 36. Rd5 a6 37. Be2 Bxa4 38. c4 Bc6 0-1

[Event "Verbandsliga MV 2014-15"]
[Site "Mecklenburg-Vorpommern"]
[Date "2014.12.07"]
[Round "4.7"]
[White "Gareis, Roberto"]
[Black "Celmer, Ole"]
[Result "0-1"]
[WhiteElo "1823"]
[BlackElo "1912"]
[PlyCount "60"]
[EventType "team-tourn"]
[EventRounds "9"]
[WhiteTeam "SV Blau-Weiss Grevesmuehlen"]
[BlackTeam "SSC Rostock 07  II"]

1. d4 Nf6 2. e3 d5 3. Bd3 c5 4. c3 Nc6 5. f4 Bg4 6. Nf3 e6 7. Nbd2 Bd6 8. O-O
cxd4 9. cxd4 O-O 10. a3 Rc8 11. b4 a5 12. b5 Ne7 13. Bb2 Bf5 14. Qe2 Bxd3 15.
Qxd3 Nf5 16. Ne5 Qb6 17. g4 Bxe5 18. gxf5 Bb8 19. fxe6 Qxe6 20. Rf3 Ne4 21. Rc1
Qg6+ 22. Rg3 Nxg3 23. Qxg6 Rxc1+ 24. Bxc1 hxg6 25. hxg3 Rc8 26. Nb3 a4 27. Nc5
b6 28. Nd3 Rc3 29. Nb4 Rxc1+ 30. Kf2 Rb1 0-1

[Event "Verbandsliga MV 2014-15"]
[Site "Mecklenburg-Vorpommern"]
[Date "2014.12.07"]
[Round "4.6"]
[White "Stiegler, Maik"]
[Black "Brack, Peter"]
[Result "1-0"]
[WhiteElo "1857"]
[BlackElo "1982"]
[PlyCount "111"]
[EventType "team-tourn"]
[EventRounds "9"]
[WhiteTeam "SV Blau-Weiss Grevesmuehlen"]
[BlackTeam "SSC Rostock 07  II"]

1. Nf3 Nf6 2. d4 d5 3. c4 c6 4. Nc3 e6 5. Bg5 Nbd7 6. e3 Qa5 7. Qc2 Ne4 8. cxd5
exd5 9. Bd3 Nxg5 10. Nxg5 h6 11. Nf3 Be7 12. O-O Nf6 13. a3 Qd8 14. b4 a6 15.
Na4 O-O 16. Nc5 Bd6 17. Bf5 Re8 18. a4 Qe7 19. Rab1 g6 20. Bxc8 Raxc8 21. Rfc1
Ne4 22. Qb2 f5 23. Nd3 Kh7 24. b5 axb5 25. axb5 c5 26. dxc5 Nxc5 27. Nxc5 Rxc5
28. Rxc5 Bxc5 29. Rd1 f4 30. exf4 b6 31. Ne5 d4 32. Qc2 Qe6 33. g3 Ra8 34. Qe4
Ra7 35. Kg2 Kg7 36. h3 Re7 37. h4 h5 38. Ra1 Bd6 39. Re1 Bb4 40. Re2 Bc5 41.
Qd3 Qd5+ 42. Kh2 Qe6 43. Rd2 Ra7 44. Qe4 Re7 45. Kg2 Qf6 46. Qc6 Re6 47. Qd7+
Re7 48. Qd5 Qf5 49. Ra2 Qe6 50. Qa8 Bd6 51. Nc6 Qe4+ 52. f3 Qe1 53. Nxe7 Bxf4
54. Qg8+ Kf6 55. Qxg6+ Kxe7 56. Ra7+ 1-0

[Event "Verbandsliga MV 2014-15"]
[Site "Mecklenburg-Vorpommern"]
[Date "2014.12.07"]
[Round "4.8"]
[White "Schumann, Rabea"]
[Black "Wulff, Jens Peter"]
[Result "1-0"]
[WhiteElo "1809"]
[BlackElo "1638"]
[PlyCount "149"]
[EventType "team-tourn"]
[EventRounds "9"]
[WhiteTeam "SSC Rostock 07  II"]
[BlackTeam "SV Blau-Weiss Grevesmuehlen"]

1. c4 d6 2. g3 g6 3. Bg2 Bg7 4. Nc3 c6 5. e4 Na6 6. Nge2 Bg4 7. O-O Qd7 8. d4
h5 9. f3 Bh3 10. Bxh3 Qxh3 11. Nf4 Qd7 12. Kg2 g5 13. Nh3 f6 14. b3 Nh6 15. Nf2
Nf7 16. Bb2 Rh7 17. Qd3 O-O-O 18. e5 f5 19. exd6 Nxd6 20. Rad1 Rh6 21. d5 c5
22. a3 Nc7 23. Qe3 Bd4 24. Qxg5 Nf7 25. Qd2 Rg8 26. Ne2 h4 27. Bxd4 cxd4 28.
Qxd4 Ng5 29. Nf4 Qe8 30. N4h3 hxg3 31. hxg3 Qh5 32. Rh1 Qxf3+ 33. Kf1 Ne4 34.
Ke1 Rxg3 35. Rd3 Qxh1+ 36. Nxh1 Rgxh3 37. Rxh3 Rxh3 38. Nf2 Nxf2 39. Qxf2 Rxb3
40. Qxf5+ Kd8 41. Qe5 Rb6 42. c5 Rf6 43. d6 Ne6 44. dxe7+ Kxe7 45. Qd6+ Ke8 46.
c6 bxc6 47. Qxc6+ Kf7 48. Qd7+ Kg6 49. Qxa7 Ng5 50. a4 Re6+ 51. Kd1 Kf5 52. a5
Ne4 53. a6 Rd6+ 54. Ke1 Ke6 55. Qc7 Rxa6 56. Qc4+ Ke5 57. Qxa6 Kd4 58. Qb6+ Kc4
59. Qc6+ Kd4 60. Ke2 Nc3+ 61. Kf3 Nd5 62. Qd6 Kc4 63. Ke4 Nc3+ 64. Ke5 Kb3 65.
Qc5 Kb2 66. Qb4+ Kc2 67. Kd4 Ne2+ 68. Kc4 Kd1 69. Qb2 Nc1 70. Kc3 Ne2+ 71. Kd3
Nf4+ 72. Ke3 Nd5+ 73. Kf3 Nc3 74. Kf2 Ne4+ 75. Ke3 1-0

[Event "Verbandsliga MV 2014-15"]
[Site "Mecklenburg-Vorpommern"]
[Date "2014.12.07"]
[Round "4.1"]
[White "Springer, Guido"]
[Black "Moeller, Peter"]
[Result "0-1"]
[WhiteElo "1768"]
[BlackElo "2001"]
[PlyCount "78"]
[EventType "team-tourn"]
[EventRounds "9"]
[WhiteTeam "SV Gryps"]
[BlackTeam "HSG Uni Rostock"]

1. d4 g6 2. Nf3 Bg7 3. c4 d6 4. Nc3 Nd7 5. Bg5 h6 6. Bh4 Ngf6 7. e3 O-O 8. Be2
e5 9. dxe5 dxe5 10. O-O c6 11. Qc2 Qe7 12. Nd2 Nc5 13. b4 Ne6 14. c5 Nc7 15.
Nde4 g5 16. Bg3 Nxe4 17. Nxe4 f5 18. Nd6 f4 19. exf4 gxf4 20. Qg6 Qg5 21. Bc4+
Nd5 22. Nxc8 Raxc8 23. Bxd5+ cxd5 24. Qe6+ Kh8 25. Qxd5 fxg3 26. hxg3 e4 27.
Rad1 Qxd5 28. Rxd5 Rf7 29. Re1 Re8 30. f3 Bc3 31. Re2 Bxb4 32. fxe4 Rfe7 33. e5
Rc8 34. Rc2 Rec7 35. e6 Bxc5+ 36. Kh1 b6 37. Re2 Re7 38. Rd7 Rce8 39. Kh2 a5
0-1

[Event "Verbandsliga MV 2014-15"]
[Site "Mecklenburg-Vorpommern"]
[Date "2014.12.07"]
[Round "4.2"]
[White "Hammel, Ralf"]
[Black "Voelsgen, Georg"]
[Result "1-0"]
[WhiteElo "1965"]
[BlackElo "1978"]
[PlyCount "165"]
[EventType "team-tourn"]
[EventRounds "9"]
[WhiteTeam "HSG Uni Rostock"]
[BlackTeam "SV Gryps"]

1. e4 e5 2. Nf3 Nc6 3. Nc3 Nf6 4. Bb5 Bb4 5. O-O Bxc3 6. dxc3 d6 7. Re1 Bg4 8.
h3 Bh5 9. Bxc6+ bxc6 10. c4 Nd7 11. Qd3 Nc5 12. Qe3 Qe7 13. b3 Bg6 14. Nd2 Ne6
15. Nf3 O-O 16. g4 h5 17. Kg2 Nf4+ 18. Kg3 Qd7 19. Bb2 Nxh3 20. Nxe5 dxe5 21.
Kxh3 Qxg4+ 22. Kh2 f5 23. Rg1 Qh4+ 24. Qh3 Qxh3+ 25. Kxh3 Kh7 26. Bxe5 fxe4 27.
Rg2 Rad8 28. Rag1 Bf5+ 29. Kh2 Bg4 30. Bxc7 Rd2 31. f4 e3 32. Ba5 Rxg2+ 33.
Kxg2 Rxf4 34. Be1 g5 35. a4 Bf3+ 36. Kh2 Kg6 37. Bg3 Rd4 38. Bb8 h4 39. Bxa7
Rd2+ 40. Kh3 Kh5 41. Rxg5+ Kxg5 42. Bxe3+ Kf5 43. Bxd2 Ke5 44. a5 c5 45. a6 Kd6
46. Be3 Kc6 47. a7 Kb6 48. b4 Kxa7 49. Bxc5+ Kb7 50. Be7 Be2 51. c5 Bd1 52. c3
Be2 53. Kxh4 Kc6 54. Kg3 Kd5 55. Kf4 Bd3 56. Ke3 Bf1 57. Kd2 Bc4 58. Kc2 Kc6
59. Kb2 Kb5 60. Kc2 Kc6 61. Kd2 Kd5 62. Ke3 Bf1 63. Kf4 Bd3 64. Kg5 Bc2 65. Bf6
Bd3 66. Bg7 Bc4 67. Kf6 Bd3 68. Ke7 Bb5 69. Kd8 Kc6 70. Kc8 Bc4 71. Kb8 Bb5 72.
Bh6 Ba6 73. Bf4 Bb5 74. Kc8 Bc4 75. Kd8 Bb5 76. Ke7 Bc4 77. Kf6 Kd5 78. Be3 Bd3
79. Ke7 Bb5 80. Bf2 Ba4 81. Kd8 Kc6 82. c4 Bb3 83. b5+ 1-0

[Event "Verbandsliga MV 2014-15"]
[Site "Mecklenburg-Vorpommern"]
[Date "2014.12.07"]
[Round "4.3"]
[White "Windjaeger, Gerd"]
[Black "Kutschke, Peter"]
[Result "1/2-1/2"]
[WhiteElo "1945"]
[BlackElo "1941"]
[PlyCount "43"]
[EventType "team-tourn"]
[EventRounds "9"]
[WhiteTeam "SV Gryps"]
[BlackTeam "HSG Uni Rostock"]

1. Nf3 d5 2. d4 Bf5 3. Bf4 e6 4. e3 Bd6 5. Bg3 Nf6 6. Bd3 Bxg3 7. hxg3 Bxd3 8.
Qxd3 c6 9. Nbd2 Nbd7 10. O-O O-O 11. e4 dxe4 12. Nxe4 Nxe4 13. Qxe4 Nf6 14. Qe2
Qb6 15. c3 Rad8 16. Rfd1 h6 17. Ne5 c5 18. Nc4 Qc6 19. dxc5 Qxc5 20. Ne3 Qb6
21. c4 Ne4 22. Kh2 1/2-1/2

[Event "Verbandsliga MV 2014-15"]
[Site "Mecklenburg-Vorpommern"]
[Date "2014.12.07"]
[Round "4.4"]
[White "Giese, Guido"]
[Black "Mauser, Tassilo Tino"]
[Result "0-1"]
[WhiteElo "1911"]
[BlackElo "1682"]
[PlyCount "88"]
[EventType "team-tourn"]
[EventRounds "9"]
[WhiteTeam "HSG Uni Rostock"]
[BlackTeam "SV Gryps"]

1. e4 c6 2. d4 d5 3. exd5 cxd5 4. Bd3 Nf6 5. c3 Nc6 6. Bf4 Bg4 7. Qb3 Qd7 8.
Nd2 e6 9. Ngf3 Na5 10. Qc2 Bd6 11. Bxd6 Qxd6 12. Ne5 Nc6 13. f4 Bh5 14. O-O Rc8
15. Qa4 a6 16. Rae1 O-O 17. h3 Bg6 18. Nxg6 hxg6 19. Qd1 Ne7 20. Qf3 b5 21. a3
Qb6 22. g4 a5 23. f5 gxf5 24. gxf5 Nxf5 25. Bxf5 exf5 26. Qxf5 b4 27. axb4 axb4
28. Qd3 bxc3 29. bxc3 Rce8 30. Re3 Rxe3 31. Qxe3 Re8 32. Rxf6 Qd8 33. Rd6 Qb8
34. Qg3 Re6 35. c4 Rxd6 36. Kh2 Qb4 37. Qg5 Rf6 38. Qg2 Qb8+ 39. Kh1 dxc4 40.
Nxc4 Rg6 41. Qf1 Qa8+ 42. Kh2 Qa2+ 43. Kh1 Rf6 44. Qd3 Rf2 0-1

[Event "Verbandsliga MV 2014-15"]
[Site "Mecklenburg-Vorpommern"]
[Date "2014.12.07"]
[Round "4.5"]
[White "Hollatz, Michael"]
[Black "Schwetlick, Thomas"]
[Result "1/2-1/2"]
[WhiteElo "1776"]
[BlackElo "1853"]
[PlyCount "34"]
[EventType "team-tourn"]
[EventRounds "9"]
[WhiteTeam "SV Gryps"]
[BlackTeam "HSG Uni Rostock"]

1. e4 e5 2. f4 exf4 3. Nf3 d6 4. d4 g5 5. h3 Bg7 6. Nc3 Nc6 7. Bb5 Bd7 8. Qd3
h6 9. Nd5 Nge7 10. Nxe7 Qxe7 11. Bd2 O-O-O 12. O-O-O f5 13. exf5 Qf7 14. d5
Bxf5 15. Qb3 Nd4 16. Nxd4 Bxd4 17. Bxf4 Bb6 1/2-1/2

[Event "Verbandsliga MV 2014-15"]
[Site "Mecklenburg-Vorpommern"]
[Date "2014.12.07"]
[Round "4.7"]
[White "Rogasch, Miriam"]
[Black "Hantel, Thomas"]
[Result "1-0"]
[WhiteElo "1747"]
[BlackElo "1693"]
[PlyCount "57"]
[EventType "team-tourn"]
[EventRounds "9"]
[WhiteTeam "SV Gryps"]
[BlackTeam "HSG Uni Rostock"]

1. e4 c5 2. Nf3 d6 3. d4 cxd4 4. Nxd4 Nf6 5. Nc3 g6 6. Be3 Bg7 7. Bc4 O-O 8. f3
Nc6 9. Qd2 Bd7 10. O-O-O Ne5 11. Bb3 Qa5 12. h4 h5 13. Bh6 Rac8 14. Nf5 Bxf5
15. exf5 Nc4 16. Bxc4 Rxc4 17. Bxg7 Kxg7 18. Nd5 Qxa2 19. c3 Qa1+ 20. Kc2 Qa4+
21. Kb1 Nxd5 22. Qxd5 Qb3 23. Rhe1 Rxc3 24. Qd4+ Kg8 25. Qxc3 Qb5 26. fxg6 Qf5+
27. Qd3 fxg6 28. Qxf5 Rxf5 29. Rxe7 1-0

[Event "Verbandsliga MV 2014-15"]
[Site "Mecklenburg-Vorpommern"]
[Date "2014.12.07"]
[Round "4.8"]
[White "Schroeder, Christian"]
[Black "Giering, Nils"]
[Result "0-1"]
[WhiteElo "1852"]
[BlackElo "1635"]
[PlyCount "103"]
[EventType "team-tourn"]
[EventRounds "9"]
[WhiteTeam "HSG Uni Rostock"]
[BlackTeam "SV Gryps"]

1. c4 e5 2. g3 Nf6 3. Bg2 d6 4. Nc3 c6 5. d3 Be7 6. Nf3 O-O 7. O-O Be6 8. h3
Nbd7 9. Ng5 Nc5 10. b4 Ncd7 11. Qb3 a6 12. e4 h6 13. Nxe6 fxe6 14. Be3 Re8 15.
a4 Nf8 16. a5 Qd7 17. Rfb1 Bd8 18. Na4 Rb8 19. Nc3 Bc7 20. b5 axb5 21. cxb5 d5
22. Bc5 Bd6 23. Bb6 Be7 24. bxc6 bxc6 25. Na4 Qb7 26. Qa2 Qa6 27. Bf1 Qa8 28.
exd5 exd5 29. Nc5 N6d7 30. Bc7 Rxb1 31. Qxb1 Bxc5 32. a6 Ne6 33. Ba5 Bd4 34.
Ra2 Qxa6 35. h4 Rb8 36. Qc2 Ra8 37. Bh3 Kf7 38. Qe2 Nf6 39. Bxe6+ Kxe6 40. g4
Bb6 41. g5 hxg5 42. hxg5 Bxa5 43. gxf6 gxf6 44. Qg4+ Kd6 45. Qg7 Qc8 46. Qxf6+
Qe6 47. Qh4 Qg6+ 48. Kh1 Rg8 49. Qh2 Rg7 50. Ra4 Bd8 51. Qg3 Qxg3 52. fxg3 0-1

[Event "Verbandsliga MV 2014-15"]
[Site "Mecklenburg-Vorpommern"]
[Date "2014.12.07"]
[Round "4.1"]
[White "Mehl, Ronald"]
[Black "Weyrich, Morten"]
[Result "1/2-1/2"]
[WhiteElo "2095"]
[BlackElo "2190"]
[PlyCount "98"]
[EventType "team-tourn"]
[EventRounds "9"]
[WhiteTeam "FHSG Stralsund"]
[BlackTeam "SF Schwerin  III"]

1. d4 d5 2. c4 e6 3. Nf3 Nf6 4. Nc3 Be7 5. Bf4 O-O 6. e3 c6 7. Qc2 Nbd7 8. cxd5
exd5 9. Bd3 Re8 10. O-O Nf8 11. h3 Ng6 12. Rfe1 Bd7 13. Bh2 Qc8 14. Ne5 Nf8 15.
Rac1 Ne6 16. Nxd7 Qxd7 17. Bf5 g6 18. Bxe6 Qxe6 19. e4 dxe4 20. Nxe4 Nxe4 21.
Rxe4 Qd7 22. Rce1 Bf6 23. Be5 Bxe5 24. dxe5 Qd5 25. b3 Rad8 26. R1e2 Qd1+ 27.
Qxd1 Rxd1+ 28. Kh2 Kf8 29. Kg3 Ke7 30. Rh4 h5 31. Rf4 Red8 32. Rfe4 R8d4 33.
Kf4 Ke6 34. Rxd4 Rxd4+ 35. Kg5 c5 36. g4 hxg4 37. hxg4 b5 38. f4 c4 39. bxc4
Rxc4 40. f5+ gxf5 41. gxf5+ Ke7 42. Rd2 Rc5 43. Kf4 Rc4+ 44. Ke3 Ra4 45. Rc2
Kd7 46. Rd2+ Ke7 47. Rc2 Kd7 48. Rd2+ Ke7 49. Rc2 Kd7 1/2-1/2

[Event "Verbandsliga MV 2014-15"]
[Site "Mecklenburg-Vorpommern"]
[Date "2014.12.07"]
[Round "4.2"]
[White "Schreiber, Kevin"]
[Black "Hubert, Peter"]
[Result "0-1"]
[WhiteElo "2020"]
[BlackElo "1999"]
[PlyCount "64"]
[EventType "team-tourn"]
[EventRounds "9"]
[WhiteTeam "SF Schwerin  III"]
[BlackTeam "FHSG Stralsund"]

1. d4 Nf6 2. Nf3 e6 3. e3 b6 4. Bd3 Bb7 5. Nbd2 Be7 6. O-O O-O 7. b3 d5 8. c4
Nbd7 9. Qc2 c5 10. Bb2 Rc8 11. Qb1 h6 12. Ne5 cxd4 13. Nxd7 Qxd7 14. Bxd4 Rfd8
15. Rd1 Qc6 16. Nf3 dxc4 17. bxc4 Nd7 18. Qb5 Nc5 19. Qxc6 Bxc6 20. Bc2 Bf6 21.
Ne5 Ba4 22. Bxa4 Nxa4 23. h3 Bxe5 24. Bxe5 f6 25. Bg3 Nc3 26. Rxd8+ Rxd8 27. a4
Rc8 28. a5 Rxc4 29. axb6 axb6 30. Ra8+ Kf7 31. Ra7+ Kg6 32. Bd6 Nb5 0-1